000 00526nam a22001817a 4500
003 LK-CoDNM
005 20250228131145.0
008 250225b |||||||| |||| 00| 0 eng d
040 _aLK-CoDNM
_dLK-CoDNM
_eLK-CoDNM
041 _aeng
080 _aRC
_b570
245 _aSPECIAL EXHIBITION OF TRADITIONAL AGRICULTURE IMPLEMENTS OF SRILANLKA
_bPART 1
260 _c1974
_aCOLO,MBO NATIONAL MUSEUM
_bAGRICULTURE4 DIVISION
300 _a11p. :25 cm
650 _aNATIONAL MUSEUM OF CEYLON
650 _aJOURNAL
942 _cBK
999 _c238560
_d238560